000 00659nam a2200217Ia 4500
005 20241129110009.0
008 241129s9999||||xx |||||||||||||| ||und||
020 _a978-1-350-25787-0
037 _aTB
040 _aARTS
_beng
_cARTS
041 _aeng
_2eng
084 _aD65,8(B):715 R2
_qARTS
100 _aHassan Idayat Ed.; Hitchen Jamie Ed.
_9726792
245 0 _aWhatsapp and everyday life in West Africa: beyond fake news
_cHassan Idayat Ed.; Hitchen Jamie Ed.
260 _aUK
_bZed
_c2022
300 _avi,198p.
365 _aUKP
_b21.99
650 _aComputer Science
942 _cTB
_hD65,8(B):715 R2
999 _c1226925
_d1226925